| 000 | 01508cam a2200277zu 4500 | ||
|---|---|---|---|
| 001 | 88921616 | ||
| 003 | FRCYB88921616 | ||
| 005 | 20251020123447.0 | ||
| 006 | m o d | ||
| 007 | cr un | ||
| 008 | 251020s2015 fr | o|||||0|0|||fre d | ||
| 020 | _a9782200600044 | ||
| 035 | _aFRCYB88921616 | ||
| 040 |
_aFR-PaCSA _bfr _c _erda |
||
| 100 | 1 | _aBecker, Jean-Jacques | |
| 245 | 0 | 1 |
_aHistoire politique de la France depuis 1945 _c['Becker, Jean-Jacques'] |
| 264 | 1 |
_bArmand Colin _c2015 |
|
| 300 | _a p. | ||
| 336 |
_btxt _2rdacontent |
||
| 337 |
_bc _2rdamdedia |
||
| 338 |
_bc _2rdacarrier |
||
| 650 | 0 | _a | |
| 700 | 0 | _aBecker, Jean-Jacques | |
| 856 | 4 | 0 |
_2Cyberlibris _uhttps://international.scholarvox.com/netsen/book/88921616 _qtext/html _a |
| 520 | _aLa vie politique française depuis 1945, c'est celle de deux républiques, confrontées à des crises majeures – 1958, 1968… –, à un contexte international marqué par la guerre froide, la décolonisation, l'effondrement du bloc soviétique, enfin l'exacerbation des menaces terroristes. C'est aussi un paysage social et des données économiques en pleine mutation : croissance des Trente Glorieuses, chocs pétroliers et récession, explosions technologique et financière, mondialisation… Traversant ces vicissitudes ou ces révolutions, le personnel et les pratiques politiques ont changé eux aussi, pour répondre à la fois aux attentes de la société civile et aux défis du monde contemporain. | ||
| 999 |
_c1554294 _d1554294 |
||